| 000 | 00699nam a22002057a 4500 | ||
|---|---|---|---|
| 003 | OSt | ||
| 008 | 260305b2024 |||||||| |||| 00| 0 eng d | ||
| 020 | _a9780753560778 | ||
| 082 |
_a303.4834 _bMOL-C |
||
| 100 | _aMollick, Ethan | ||
| 245 |
_aCo-Intelligence : _bliving and working with ai / _cEthan Mollick |
||
| 260 |
_aUK : _bWH Allen, _c2024. |
||
| 300 | _axx, 234 p. ; | ||
| 650 | _aExpert systems (Computer science)-Social aspects | ||
| 650 | _aArtificial intelligence-Social aspects | ||
| 650 | _aArtificial intelligence-Educational applications | ||
| 650 | _aLabor-Effect of technological innovations on | ||
| 650 | _aEducation-Effect of technological innovations on | ||
| 942 |
_2ddc _cBK |
||
| 999 |
_c21580 _d21580 |
||